| 000 | 00446nam a2200181Ia 4500 | ||
|---|---|---|---|
| 005 | 20250423100928.0 | ||
| 008 | 250422s9999 xx 000 0 und d | ||
| 020 | _a0394536975 | ||
| 050 | _aPS 3551 .L34 .S55/ | ||
| 100 | _aAldyne, Nathan | ||
| 245 | 0 | _aSlate | |
| 260 | _aNew York | ||
| 260 | _bVillard Books | ||
| 260 | _c1984 | ||
| 300 | _a188 p | ||
| 650 | _aGay bars --Massachusetts --Fiction. Massachusetts --Fiction. | ||
| 942 | _cBK | ||
| 999 |
_c34774 _d34774 |
||